[Event "DEM U12 2021"]
[Site "Willingen GER"]
[Date "2021.08.25"]
[Round "4"]
[White "Bangert, Jonas"]
[Black "Meng, Yuxuan"]
[Result "1-0"]
[Termination "normal"]
[Board "22"]
[WhiteElo "1541"]
[BlackElo "1495"]
[WhiteClock "00:24:22"]
[BlackClock "00:20:21"]
[PlyCount "105"]
[WhiteFideId "16289650"]
[BlackFideId "16258231"]
[EventCountry "GER"]
[EventRounds "9"]
[EventType "swiss"]
[EventDate "2021.08.22"]

1. d4 {[%clk 01:30:58]} {[%emt 00:00:02]} d5 {[%clk 01:30:51]} {[%emt
00:00:10]} 2. c4 {[%clk 01:31:20]} {[%emt 00:00:07]} e6 {[%clk 01:31:17]}
{[%emt 00:00:04]} 3. Nf3 {[%clk 01:30:59]} {[%emt 00:00:50]} Nf6 {[%clk
01:31:40]} {[%emt 00:00:08]} 4. Nc3 {[%clk 01:30:49]} {[%emt 00:00:40]} Be7
{[%clk 01:31:22]} {[%emt 00:00:48]} 5. h3 {[%clk 01:30:03]} {[%emt 00:01:16]}
O-O {[%clk 01:30:54]} {[%emt 00:00:58]} 6. Bf4 {[%clk 01:30:17]} {[%emt
00:00:16]} b6 {[%clk 01:29:50]} {[%emt 00:01:34]} 7. e3 {[%clk 01:28:41]}
{[%emt 00:02:06]} Bb7 {[%clk 01:27:21]} {[%emt 00:02:59]} 8. Rc1 {[%clk
01:22:55]} {[%emt 00:06:16]} c5 {[%clk 01:23:38]} {[%emt 00:04:13]} 9. Be2
{[%clk 01:18:24]} {[%emt 00:05:01]} Nc6 {[%emt 00:10:02]} 10. O-O {[%clk
01:15:32]} {[%emt 00:03:21]} Rc8 {[%clk 01:06:51]} {[%emt 00:07:46]} 11. b3
{[%clk 00:59:33]} {[%emt 00:16:29]} dxc4 {[%clk 00:52:34]} {[%emt 00:14:57]}
12. dxc5 {[%clk 00:55:44]} {[%emt 00:04:10]} cxb3 {[%clk 00:47:49]} {[%emt
00:05:14]} 13. cxb6 {[%clk 00:46:49]} {[%emt 00:09:25]} Qxb6 {[%clk 00:44:19]}
{[%emt 00:04:00]} 14. Na4 {[%clk 00:45:44]} {[%emt 00:01:35]} Qd8 {[%clk
00:35:05]} {[%emt 00:09:43]} 15. Qxb3 {[%clk 00:43:54]} {[%emt 00:02:21]} Na5
{[%clk 00:30:31]} {[%emt 00:05:03]} 16. Rxc8 {[%clk 00:41:48]} {[%emt
00:02:36]} Bxc8 {[%clk 00:23:10]} {[%emt 00:07:51]} 17. Qc2 {[%clk 00:39:10]}
{[%emt 00:03:10]} Nd5 {[%clk 00:20:37]} {[%emt 00:03:02]} 18. Be5 {[%clk
00:35:13]} {[%emt 00:04:26]} Bd7 {[%clk 00:15:11]} {[%emt 00:05:56]} 19. Rd1
{[%clk 00:28:05]} {[%emt 00:07:39]} f6 {[%clk 00:12:31]} {[%emt 00:03:10]} 20.
Bb2 {[%clk 00:22:29]} {[%emt 00:06:06]} Qb8 {[%clk 00:06:12]} {[%emt 00:06:48]}
21. Rb1 {[%clk 00:11:57]} {[%emt 00:11:02]} Bxa4 {[%clk 00:05:09]} {[%emt
00:01:33]} 22. Qxa4 {[%clk 00:11:21]} {[%emt 00:01:06]} Nc3 {[%clk 00:05:06]}
{[%emt 00:00:33]} 23. Bxc3 {[%clk 00:11:24]} {[%emt 00:00:27]} Qxb1+ {[%clk
00:05:28]} {[%emt 00:00:09]} 24. Kh2 {[%clk 00:10:10]} {[%emt 00:01:44]} Qb8+
{[%clk 00:05:17]} {[%emt 00:00:40]} 25. g3 {[%clk 00:10:23]} {[%emt 00:00:18]}
Nb7 {[%clk 00:05:19]} {[%emt 00:00:29]} 26. Bc4 {[%clk 00:09:06]} {[%emt
00:01:46]} Nc5 {[%clk 00:04:23]} {[%emt 00:01:26]} 27. Qc6 {[%clk 00:08:37]}
{[%emt 00:00:58]} Qb6 {[%clk 00:04:22]} {[%emt 00:00:31]} 28. Qxb6 {[%clk
00:08:07]} {[%emt 00:01:01]} axb6 {[%clk 00:04:48]} {[%emt 00:00:04]} 29. Bb4
{[%clk 00:08:00]} {[%emt 00:00:37]} Kf7 {[%clk 00:05:01]} {[%emt 00:00:16]} 30.
Nd4 {[%clk 00:07:52]} {[%emt 00:00:38]} Re8 {[%clk 00:04:36]} {[%emt 00:00:56]}
31. g4 {[%clk 00:06:13]} {[%emt 00:02:08]} Bd6+ {[%clk 00:04:23]} {[%emt
00:00:43]} 32. f4 {[%clk 00:06:02]} {[%emt 00:00:41]} Kg6 {[%clk 00:04:11]}
{[%emt 00:00:42]} 33. Kg2 {[%clk 00:05:08]} {[%emt 00:01:25]} e5 {[%clk
00:04:01]} {[%emt 00:00:40]} 34. f5+ {[%clk 00:05:00]} {[%emt 00:00:37]} Kh6
{[%clk 00:04:16]} {[%emt 00:00:15]} 35. e4 {[%clk 00:04:17]} {[%emt 00:01:14]}
Nxe4 {[%clk 00:04:09]} {[%emt 00:00:37]} 36. Be1 {[%clk 00:03:21]} {[%emt
00:01:25]} g6 {[%clk 00:03:59]} {[%emt 00:00:40]} 37. Bd5 {[%clk 00:02:58]}
{[%emt 00:00:54]} Nc5 {[%clk 00:03:54]} {[%emt 00:00:35]} 38. Bd2+ {[%clk
00:02:34]} {[%emt 00:00:54]} g5 {[%clk 00:03:33]} {[%emt 00:00:51]} 39. Ne6
{[%clk 00:02:20]} {[%emt 00:00:44]} Nxe6 {[%clk 00:03:30]} {[%emt 00:00:32]}
40. Bxe6 {[%clk 00:02:35]} {[%emt 00:00:15]} Kg7 {[%clk 00:03:35]} {[%emt
00:00:26]} 41. a4 {[%clk 00:02:41]} {[%emt 00:00:24]} Ra8 {[%clk 00:03:26]}
{[%emt 00:00:39]} 42. Bd7 {[%clk 00:02:51]} {[%emt 00:00:20]} Kf8 {[%clk
00:03:30]} {[%emt 00:00:25]} 43. Be1 {[%clk 00:00:31]} {[%emt 00:02:51]} Ke7
{[%clk 00:02:42]} {[%emt 00:01:17]} 44. Bb5 {[%clk 00:30:14]} {[%emt 00:00:47]}
Ba3 {[%clk 00:32:30]} {[%emt 00:00:42]} 45. Kf3 {[%clk 00:29:41]} {[%emt
00:01:04]} Kd6 {[%clk 00:32:23]} {[%emt 00:00:37]} 46. Ke4 {[%clk 00:28:21]}
{[%emt 00:01:50]} Bb2 {[%clk 00:31:35]} {[%emt 00:01:18]} 47. Bb4+ {[%clk
00:26:18]} {[%emt 00:02:34]} Kc7 {[%clk 00:31:37]} {[%emt 00:00:27]} 48. Be7
{[%clk 00:26:11]} {[%emt 00:00:36]} Ra7 {[%clk 00:21:40]} {[%emt 00:10:27]} 49.
Bxf6 {[%clk 00:24:30]} {[%emt 00:02:11]} Kd6 {[%clk 00:21:54]} {[%emt
00:00:17]} 50. Bxg5 {[%clk 00:24:49]} {[%emt 00:00:10]} Rg7 {[%clk 00:21:27]}
{[%emt 00:00:57]} 51. Bh6 {[%clk 00:24:21]} {[%emt 00:00:58]} Ra7 {[%clk
00:21:00]} {[%emt 00:00:58]} 52. Bf8+ {[%clk 00:24:11]} {[%emt 00:00:40]} Re7
{[%clk 00:20:21]} {[%emt 00:01:08]} 53. f6 {[%clk 00:24:22]} {[%emt 00:00:19]}
1-0

[Event "DEM U12 2021"]
[Site "Willingen GER"]
[Date "2021.08.25"]
[Round "4"]
[White "Bräutigam, Alexander"]
[Black "Schaudienst, Arvid"]
[Result "1-0"]
[Termination "normal"]
[Board "23"]
[WhiteElo "1555"]
[BlackElo "1368"]
[WhiteClock "00:32:45"]
[BlackClock "00:12:56"]
[PlyCount "71"]
[WhiteFideId "16245210"]
[BlackFideId "16266943"]
[EventCountry "GER"]
[EventRounds "9"]
[EventType "swiss"]
[EventDate "2021.08.22"]

1. d4 {[%clk 01:30:56]} {[%emt 00:00:05]} Nf6 {[%clk 01:30:52]} {[%emt
00:00:08]} 2. c4 {[%clk 01:31:21]} {[%emt 00:00:04]} g6 {[%clk 01:31:15]}
{[%emt 00:00:07]} 3. Nc3 {[%clk 01:31:43]} {[%emt 00:00:09]} Bg7 {[%clk
01:31:36]} {[%emt 00:00:09]} 4. e4 {[%clk 01:32:05]} {[%emt 00:00:07]} d6
{[%clk 01:31:59]} {[%emt 00:00:07]} 5. h3 {[%clk 01:32:25]} {[%emt 00:00:10]}
O-O {[%clk 01:31:42]} {[%emt 00:00:47]} 6. Nf3 {[%clk 01:32:10]} {[%emt
00:00:45]} e5 {[%clk 01:31:46]} {[%emt 00:00:26]} 7. d5 {[%clk 01:32:11]}
{[%emt 00:00:29]} Nfd7 {[%clk 01:31:22]} {[%emt 00:00:53]} 8. g4 {[%clk
01:29:54]} {[%emt 00:02:48]} a5 {[%clk 01:20:07]} {[%emt 00:11:45]} 9. Be2
{[%clk 01:19:15]} {[%emt 00:11:09]} Nc5 {[%clk 01:19:42]} {[%emt 00:00:55]} 10.
Rg1 {[%clk 01:19:16]} {[%emt 00:00:30]} c6 {[%clk 01:11:05]} {[%emt 00:09:04]}
11. Be3 {[%clk 01:15:03]} {[%emt 00:04:44]} Nbd7 {[%clk 01:06:40]} {[%emt
00:04:56]} 12. Qc2 {[%clk 01:13:12]} {[%emt 00:02:21]} Qe7 {[%clk 01:02:38]}
{[%emt 00:04:33]} 13. O-O-O {[%clk 01:11:46]} {[%emt 00:01:56]} Rd8 {[%clk
00:58:09]} {[%emt 00:04:58]} 14. g5 {[%clk 00:54:46]} {[%emt 00:17:31]} cxd5
{[%clk 00:52:42]} {[%emt 00:05:56]} 15. Nxd5 {[%clk 00:52:39]} {[%emt
00:02:38]} Qf8 {[%clk 00:49:23]} {[%emt 00:03:48]} 16. Nc7 {[%clk 00:48:02]}
{[%emt 00:05:07]} Rb8 {[%clk 00:47:20]} {[%emt 00:02:33]} 17. Rd2 {[%clk
00:45:29]} {[%emt 00:03:04]} Nb6 {[%clk 00:44:53]} {[%emt 00:02:55]} 18. Rgd1
{[%clk 00:44:47]} {[%emt 00:01:13]} f5 {[%emt 00:07:21]} 19. Bxc5 {[%clk
00:43:17]} fxe4 {[%clk 00:37:27]} {[%emt 00:03:04]} 20. Bxb6 {[%clk 00:41:58]}
{[%emt 00:01:50]} exf3 {[%clk 00:36:52]} {[%emt 00:01:05]} 21. Bd3 {[%clk
00:41:48]} {[%emt 00:00:39]} Bxh3 {[%clk 00:35:44]} {[%emt 00:01:37]} 22. Be4
{[%clk 00:41:00]} {[%emt 00:01:20]} Kh8 {[%clk 00:34:52]} {[%emt 00:01:21]} 23.
Rh1 {[%clk 00:40:12]} {[%emt 00:01:19]} Bg2 {[%clk 00:34:03]} {[%emt 00:01:20]}
24. Rh2 {[%clk 00:40:02]} {[%emt 00:00:39]} Qf4 {[%clk 00:31:18]} {[%emt
00:03:15]} 25. Rxg2 {[%clk 00:39:16]} {[%emt 00:01:14]} fxg2 {[%clk 00:31:05]}
{[%emt 00:00:43]} 26. Bxg2 {[%clk 00:39:08]} {[%emt 00:00:40]} Qf7 {[%clk
00:30:34]} {[%emt 00:01:01]} 27. Bd5 {[%clk 00:39:01]} {[%emt 00:00:37]} Qe7
{[%clk 00:29:25]} {[%emt 00:01:38]} 28. Ne6 {[%clk 00:37:25]} {[%emt 00:02:08]}
Re8 {[%clk 00:28:33]} {[%emt 00:01:20]} 29. f3 {[%clk 00:37:20]} {[%emt
00:00:36]} Rbc8 {[%clk 00:16:45]} {[%emt 00:12:17]} 30. Rh2 {[%clk 00:36:59]}
{[%emt 00:00:51]} Qf7 {[%clk 00:15:21]} {[%emt 00:01:54]} 31. Rxh7+ {[%clk
00:32:35]} {[%emt 00:04:55]} Kxh7 {[%clk 00:13:35]} {[%emt 00:02:06]} 32. Qh2+
{[%clk 00:32:35]} {[%emt 00:00:39]} Kg8 {[%clk 00:13:18]} {[%emt 00:00:48]} 33.
Nc7 {[%clk 00:32:36]} {[%emt 00:00:29]} Qxd5 {[%clk 00:12:59]} {[%emt
00:00:48]} 34. Nxd5 {[%clk 00:32:15]} {[%emt 00:00:52]} Rxc4+ {[%clk 00:12:51]}
{[%emt 00:00:38]} 35. Kb1 {[%clk 00:32:23]} {[%emt 00:00:20]} Rec8 {[%clk
00:12:56]} {[%emt 00:00:27]} 36. Ne7+ {[%clk 00:32:45]} {[%emt 00:00:07]} 1-0

[Event "DEM U12 2021"]
[Site "Willingen GER"]
[Date "2021.08.25"]
[Round "4"]
[White "Fruth, David"]
[Black "Detjen, Mattes"]
[Result "1-0"]
[Termination "normal"]
[Board "24"]
[WhiteElo "1749"]
[BlackElo "1162"]
[WhiteClock "01:13:17"]
[BlackClock "01:15:12"]
[PlyCount "51"]
[WhiteFideId "16257596"]
[BlackFideId "16235690"]
[EventCountry "GER"]
[EventRounds "9"]
[EventType "swiss"]
[EventDate "2021.08.22"]

1. e4 {[%clk 01:30:55]} {[%emt 00:00:04]} e5 {[%clk 01:30:27]} {[%emt
00:00:32]} 2. Nf3 {[%clk 01:31:22]} {[%emt 00:00:04]} Nc6 {[%clk 01:30:26]}
{[%emt 00:00:31]} 3. Bb5 {[%clk 01:31:51]} {[%emt 00:00:02]} a6 {[%clk
01:30:14]} {[%emt 00:00:42]} 4. Ba4 {[%clk 01:32:11]} {[%emt 00:00:10]} b5
{[%clk 01:30:25]} {[%emt 00:00:19]} 5. Bb3 {[%clk 01:32:38]} {[%emt 00:00:03]}
Nf6 {[%clk 01:29:52]} {[%emt 00:01:02]} 6. Ng5 {[%clk 01:31:55]} {[%emt
00:01:13]} d5 {[%clk 01:27:31]} {[%emt 00:02:50]} 7. exd5 {[%clk 01:32:17]}
{[%emt 00:00:08]} Na5 {[%clk 01:27:48]} {[%emt 00:00:13]} 8. O-O {[%clk
01:31:23]} {[%emt 00:01:25]} Nxb3 {[%clk 01:27:26]} {[%emt 00:00:51]} 9. axb3
{[%clk 01:31:49]} {[%emt 00:00:04]} Nxd5 {[%clk 01:26:55]} {[%emt 00:01:01]}
10. Qf3 {[%clk 01:29:43]} {[%emt 00:02:37]} f6 {[%clk 01:26:00]} {[%emt
00:01:25]} 11. Ne4 {[%clk 01:28:46]} {[%emt 00:01:27]} Rb8 {[%clk 01:25:29]}
{[%emt 00:01:01]} 12. c4 {[%clk 01:28:07]} {[%emt 00:01:08]} bxc4 {[%clk
01:25:11]} {[%emt 00:00:49]} 13. bxc4 {[%clk 01:28:30]} {[%emt 00:00:07]} Nb4
{[%clk 01:25:12]} {[%emt 00:00:28]} 14. Nbc3 {[%clk 01:23:45]} {[%emt
00:05:14]} Bb7 {[%clk 01:24:04]} {[%emt 00:01:39]} 15. b3 {[%clk 01:19:28]}
{[%emt 00:04:48]} Nc2 {[%clk 01:20:21]} {[%emt 00:04:13]} 16. Rb1 {[%clk
01:18:00]} {[%emt 00:01:57]} Nd4 {[%clk 01:20:38]} {[%emt 00:00:13]} 17. Qh5+
{[%clk 01:18:01]} {[%emt 00:00:29]} g6 {[%clk 01:20:34]} {[%emt 00:00:34]} 18.
Qh4 {[%clk 01:17:17]} {[%emt 00:01:12]} Bg7 {[%clk 01:19:56]} {[%emt 00:01:09]}
19. Nc5 {[%clk 01:16:32]} {[%emt 00:01:16]} Ba8 {[%clk 01:17:34]} {[%emt
00:03:05]} 20. Nxa6 {[%clk 01:16:08]} {[%emt 00:00:41]} Rxb3 {[%clk 01:17:16]}
{[%emt 00:00:55]} 21. Rxb3 {[%clk 01:16:25]} {[%emt 00:00:07]} Nxb3 {[%clk
01:17:43]} {[%emt 00:00:04]} 22. Nb5 {[%clk 01:16:50]} {[%emt 00:00:03]} c6
{[%clk 01:16:41]} {[%emt 00:01:33]} 23. Nac7+ {[%clk 01:16:21]} {[%emt
00:00:57]} Kf7 {[%clk 01:16:45]} {[%emt 00:00:27]} 24. Qh3 {[%clk 01:12:24]}
{[%emt 00:04:25]} cxb5 {[%clk 01:15:22]} {[%emt 00:01:57]} 25. Qe6+ {[%clk
01:12:48]} {[%emt 00:00:04]} Kf8 {[%clk 01:15:12]} {[%emt 00:00:41]} 26. Ba3+
{[%clk 01:13:17]} {[%emt 00:00:02]} 1-0

[Event "DEM U12 2021"]
[Site "Willingen GER"]
[Date "2021.08.25"]
[Round "4"]
[White "Ehses, Julius"]
[Black "Lu, Yunong Elias"]
[Result "0-1"]
[Termination "normal"]
[Board "25"]
[WhiteElo "1102"]
[BlackElo "1557"]
[WhiteClock "00:24:54"]
[BlackClock "01:11:47"]
[PlyCount "110"]
[WhiteFideId "16294920"]
[BlackFideId "16276426"]
[EventCountry "GER"]
[EventRounds "9"]
[EventType "swiss"]
[EventDate "2021.08.22"]

1. e4 {[%clk 01:30:58]} {[%emt 00:00:01]} c6 {[%clk 01:30:50]} {[%emt
00:00:10]} 2. d4 {[%clk 01:31:23]} {[%emt 00:00:06]} d5 {[%clk 01:30:59]}
{[%emt 00:00:20]} 3. exd5 {[%clk 01:31:43]} {[%emt 00:00:11]} cxd5 {[%clk
01:31:14]} {[%emt 00:00:14]} 4. Nf3 {[%clk 01:31:46]} {[%emt 00:00:28]} Nf6
{[%clk 01:31:10]} {[%emt 00:00:33]} 5. Nc3 {[%clk 01:31:52]} {[%emt 00:00:25]}
Nc6 {[%clk 01:31:10]} {[%emt 00:00:28]} 6. Bd3 {[%clk 01:31:42]} {[%emt
00:00:41]} Bg4 {[%clk 01:31:00]} {[%emt 00:00:39]} 7. Be3 {[%clk 01:30:48]}
{[%emt 00:01:26]} e6 {[%clk 01:29:50]} {[%emt 00:01:40]} 8. O-O {[%clk
01:30:16]} {[%emt 00:01:01]} Bd6 {[%clk 01:29:24]} {[%emt 00:00:54]} 9. Re1
{[%clk 01:29:00]} {[%emt 00:01:48]} O-O {[%clk 01:28:26]} {[%emt 00:01:29]} 10.
h3 {[%clk 01:25:25]} {[%emt 00:04:05]} Bh5 {[%clk 01:24:37]} {[%emt 00:04:19]}
11. Be2 {[%clk 01:22:13]} {[%emt 00:03:42]} Rc8 {[%clk 01:21:42]} {[%emt
00:03:24]} 12. Rc1 {[%clk 01:19:28]} {[%emt 00:03:16]} a6 {[%clk 01:20:45]}
{[%emt 00:01:28]} 13. a3 {[%clk 01:16:50]} {[%emt 00:03:08]} b5 {[%clk
01:19:43]} {[%emt 00:01:31]} 14. b4 {[%clk 01:16:23]} {[%emt 00:00:57]} Nxb4
{[%clk 01:19:48]} {[%emt 00:00:25]} 15. Qd2 {[%clk 01:06:43]} {[%emt 00:10:10]}
Nc6 {[%clk 01:19:54]} {[%emt 00:00:25]} 16. Ra1 {[%clk 01:06:40]} {[%emt
00:00:34]} Qc7 {[%clk 01:19:26]} {[%emt 00:00:57]} 17. Rec1 {[%clk 01:00:45]}
{[%emt 00:06:26]} Bg6 {[%clk 01:15:27]} {[%emt 00:04:29]} 18. Bd3 {[%clk
00:55:34]} {[%emt 00:05:40]} Na5 {[%clk 01:15:08]} {[%emt 00:00:50]} 19. Bxg6
{[%clk 00:54:43]} {[%emt 00:01:21]} hxg6 {[%clk 01:15:11]} {[%emt 00:00:27]}
20. Ne2 {[%clk 00:50:00]} {[%emt 00:05:13]} Nc4 {[%clk 01:13:00]} {[%emt
00:02:39]} 21. Qd3 {[%clk 00:48:44]} {[%emt 00:01:47]} Ne4 {[%clk 01:11:40]}
{[%emt 00:01:51]} 22. Ra2 {[%clk 00:45:15]} {[%emt 00:03:59]} Qe7 {[%clk
01:10:05]} {[%emt 00:02:03]} 23. Ne1 {[%clk 00:37:54]} {[%emt 00:07:53]} Bxa3
{[%clk 01:09:21]} {[%emt 00:01:14]} 24. Rca1 {[%clk 00:37:00]} {[%emt
00:01:23]} b4 {[%clk 01:09:46]} {[%emt 00:00:07]} 25. f3 {[%clk 00:35:18]}
{[%emt 00:02:12]} Nc3 {[%clk 01:08:44]} {[%emt 00:01:31]} 26. Nxc3 {[%clk
00:35:13]} {[%emt 00:00:34]} Nxe3 {[%clk 01:08:52]} {[%emt 00:00:23]} 27. Nb1
{[%clk 00:30:12]} {[%emt 00:05:31]} Nc4 {[%clk 01:08:54]} {[%emt 00:00:29]} 28.
Qb3 {[%clk 00:24:34]} {[%emt 00:05:57]} Qh4 {[%clk 01:08:36]} {[%emt 00:00:58]}
29. Nd3 {[%clk 00:22:43]} {[%emt 00:02:21]} Qxd4+ {[%clk 01:08:07]} {[%emt
00:00:58]} 30. Kh1 {[%clk 00:22:31]} {[%emt 00:00:44]} a5 {[%clk 01:05:44]}
{[%emt 00:02:52]} 31. Nxa3 {[%clk 00:21:33]} {[%emt 00:01:27]} Nxa3 {[%clk
01:05:55]} {[%emt 00:00:19]} 32. Qa4 {[%clk 00:19:40]} {[%emt 00:02:23]} Nxc2
{[%clk 01:02:33]} {[%emt 00:03:52]} 33. Rxc2 {[%clk 00:19:54]} {[%emt
00:00:16]} Qxd3 {[%clk 01:02:58]} {[%emt 00:00:05]} 34. Rxc8 {[%clk 00:20:14]}
{[%emt 00:00:09]} Rxc8 {[%clk 01:03:27]} {[%emt 00:00:01]} 35. Qxa5 {[%clk
00:20:00]} {[%emt 00:00:45]} Qc3 {[%clk 01:03:32]} {[%emt 00:00:25]} 36. Rb1
{[%clk 00:19:19]} {[%emt 00:01:11]} b3 {[%clk 01:03:56]} {[%emt 00:00:06]} 37.
Qxc3 {[%clk 00:19:41]} {[%emt 00:00:07]} Rxc3 {[%clk 01:04:22]} {[%emt
00:00:04]} 38. Kg1 {[%clk 00:20:07]} {[%emt 00:00:05]} f6 {[%clk 01:04:36]}
{[%emt 00:00:15]} 39. Kf1 {[%clk 00:20:30]} {[%emt 00:00:07]} e5 {[%clk
01:05:02]} {[%emt 00:00:04]} 40. Ke1 {[%clk 00:20:49]} {[%emt 00:00:11]} Kf7
{[%clk 01:05:27]} {[%emt 00:00:06]} 41. Rb2 {[%clk 00:20:42]} {[%emt 00:00:37]}
Ke6 {[%clk 01:05:52]} {[%emt 00:00:06]} 42. Kd2 {[%clk 00:21:03]} {[%emt
00:00:08]} Rc2+ {[%clk 01:06:17]} {[%emt 00:00:05]} 43. Rxc2 {[%clk 00:21:20]}
{[%emt 00:00:13]} bxc2 {[%clk 01:06:42]} {[%emt 00:00:05]} 44. Kxc2 {[%clk
00:21:42]} {[%emt 00:00:09]} Kf5 {[%clk 01:07:09]} {[%emt 00:00:03]} 45. Kd3
{[%clk 00:22:01]} {[%emt 00:00:11]} Kf4 {[%clk 01:07:34]} {[%emt 00:00:05]} 46.
Ke2 {[%clk 00:22:06]} {[%emt 00:00:25]} Kg3 {[%clk 01:07:59]} {[%emt 00:00:05]}
47. Kf1 {[%clk 00:22:26]} {[%emt 00:00:09]} d4 {[%clk 01:08:26]} {[%emt
00:00:04]} 48. Ke2 {[%clk 00:22:45]} {[%emt 00:00:11]} Kxg2 {[%clk 01:08:51]}
{[%emt 00:00:05]} 49. Kd3 {[%clk 00:22:58]} {[%emt 00:00:17]} Kxf3 {[%clk
01:09:12]} {[%emt 00:00:10]} 50. Kd2 {[%clk 00:23:17]} {[%emt 00:00:10]} e4
{[%clk 01:09:38]} {[%emt 00:00:05]} 51. Ke1 {[%clk 00:23:34]} {[%emt 00:00:13]}
e3 {[%clk 01:09:59]} {[%emt 00:00:09]} 52. Kf1 {[%clk 00:23:54]} {[%emt
00:00:09]} e2+ {[%clk 01:10:26]} {[%emt 00:00:04]} 53. Ke1 {[%clk 00:24:16]}
{[%emt 00:00:07]} Ke3 {[%clk 01:10:53]} {[%emt 00:00:04]} 54. h4 {[%clk
00:24:36]} {[%emt 00:00:09]} d3 {[%clk 01:11:20]} {[%emt 00:00:03]} 55. h5
{[%clk 00:24:54]} {[%emt 00:00:12]} d2# {[%clk 01:11:47]} {[%emt 00:00:03]} 0-1

[Event "DEM U12 2021"]
[Site "Willingen GER"]
[Date "2021.08.25"]
[Round "4"]
[White "Jumah, Shayan"]
[Black "Lumma, Justus"]
[Result "1-0"]
[Termination "normal"]
[Board "26"]
[WhiteElo "1275"]
[BlackElo "1081"]
[WhiteClock "01:15:27"]
[BlackClock "01:28:39"]
[PlyCount "37"]
[WhiteFideId "16281888"]
[BlackFideId "16287193"]
[EventCountry "GER"]
[EventRounds "9"]
[EventType "swiss"]
[EventDate "2021.08.22"]

1. d4 {[%clk 01:30:56]} {[%emt 00:00:04]} f5 {[%clk 01:30:39]} {[%emt
00:00:20]} 2. Nf3 {[%clk 01:31:18]} {[%emt 00:00:09]} e6 {[%clk 01:30:58]}
{[%emt 00:00:10]} 3. Bf4 {[%clk 01:31:32]} {[%emt 00:00:16]} Nf6 {[%clk
01:31:12]} {[%emt 00:00:16]} 4. e3 {[%clk 01:31:34]} {[%emt 00:00:29]} Nc6
{[%clk 01:31:30]} {[%emt 00:00:12]} 5. c3 {[%clk 01:31:34]} {[%emt 00:00:29]}
Be7 {[%clk 01:31:17]} {[%emt 00:00:44]} 6. h3 {[%clk 01:31:48]} {[%emt
00:00:17]} b6 {[%clk 01:31:36]} {[%emt 00:00:11]} 7. Bd3 {[%clk 01:32:06]}
{[%emt 00:00:12]} Bb7 {[%clk 01:30:32]} {[%emt 00:01:34]} 8. Nbd2 {[%clk
01:32:01]} {[%emt 00:00:35]} d6 {[%clk 01:30:40]} {[%emt 00:00:23]} 9. O-O
{[%clk 01:31:02]} {[%emt 00:01:27]} e5 {[%clk 01:30:19]} {[%emt 00:00:53]} 10.
Ng5 {[%clk 01:19:39]} {[%emt 00:11:53]} exf4 {[%clk 01:29:32]} {[%emt
00:01:17]} 11. Ne6 {[%clk 01:19:40]} {[%emt 00:00:28]} Qd7 {[%clk 01:29:43]}
{[%emt 00:00:17]} 12. Bxf5 {[%clk 01:19:58]} {[%emt 00:00:13]} Kf7 {[%clk
01:29:40]} {[%emt 00:00:33]} 13. Ng5+ {[%clk 01:20:14]} {[%emt 00:00:14]} Ke8
{[%clk 01:28:09]} {[%emt 00:02:01]} 14. Bxd7+ {[%clk 01:19:41]} {[%emt
00:01:03]} Kxd7 {[%clk 01:28:29]} {[%emt 00:00:10]} 15. Nge4 {[%clk 01:17:05]}
{[%emt 00:03:06]} Rhf8 {[%clk 01:28:09]} {[%emt 00:00:50]} 16. Nxf6+ {[%clk
01:17:14]} {[%emt 00:00:22]} Rxf6 {[%clk 01:28:28]} {[%emt 00:00:10]} 17. Qg4+
{[%clk 01:16:22]} {[%emt 00:01:23]} Re6 {[%clk 01:28:27]} {[%emt 00:00:31]} 18.
d5 {[%clk 01:16:23]} {[%emt 00:00:30]} Ne5 {[%clk 01:28:39]} {[%emt 00:00:18]}
19. Qxe6+ {[%clk 01:15:27]} {[%emt 00:01:25]} 1-0